E-Volunteers (Record no. 13277)
[ view plain ]
| 000 -LEADER | |
|---|---|
| fixed length control field | 00403nam a22001577a 4500 |
| 003 - CONTROL NUMBER IDENTIFIER | |
| control field | NUST |
| 038 ## - RECORD CONTENT LICENSOR | |
| Staff Name | waseem |
| 082 ## - DEWEY DECIMAL CLASSIFICATION NUMBER | |
| Classification number | BESE-2 |
| 100 ## - MAIN ENTRY--PERSONAL NAME | |
| Personal name | Maham Zaidi ; Fatima, Mubeen |
| 9 (RLIN) | 31100 |
| 245 ## - TITLE STATEMENT | |
| Title | E-Volunteers |
| 260 ## - PUBLICATION, DISTRIBUTION, ETC. | |
| Place of publication, distribution, etc. | Islamabad |
| Name of publisher, distributor, etc. | NUST-SEECS |
| Date of publication, distribution, etc. | 2015 |
| 300 ## - PHYSICAL DESCRIPTION | |
| Extent | PV |
| Accompanying material | CD include |
| 700 ## - ADDED ENTRY--PERSONAL NAME | |
| Personal name | Kashif Sharif |
| 9 (RLIN) | 31101 |
| 856 ## - ELECTRONIC LOCATION AND ACCESS | |
| Uniform Resource Identifier | <a href="http://10.250.8.41:8080/xmlui/handle/123456789/5233">http://10.250.8.41:8080/xmlui/handle/123456789/5233</a> |
| 942 ## - ADDED ENTRY ELEMENTS (KOHA) | |
| Koha item type | Project Report |
| Source of classification or shelving scheme | |
| Withdrawn status | Lost status | Damaged status | Not for loan | Collection code | Permanent Location | Current Location | Shelving location | Date acquired | Total Checkouts | Full call number | Barcode | Date last seen | Date last checked out | Price effective from | Koha item type | Source of classification or shelving scheme |
|---|---|---|---|---|---|---|---|---|---|---|---|---|---|---|---|---|
| WITHDRAWN | Central Library (CL) | Central Library (CL) | General Stacks | 07/13/2015 | 1 | BESE-2 MAH | SEECSP01684 | 05/10/2016 | 04/27/2016 | 07/11/2015 | Project Report | |||||
| WITHDRAWN | Central Library (CL) | Central Library (CL) | Thesis | 10/01/2020 | 004 | CL-BP-304 | 10/01/2020 | 10/01/2020 | Project Report |
